| 000 | 00750nam a22002177a 4500 | ||
|---|---|---|---|
| 999 |
_c21623 _d21623 |
||
| 003 | AR-CdUCM | ||
| 008 | 201015b ||||| |||| 00| 0 spa d | ||
| 020 | _a9786124772412 | ||
| 040 |
_aMUNICIPALIDAD PROVINCIAL DEL CUSCO _cBIBLIOTECA MUNICIPAL DEL CUSCO |
||
| 082 |
_a808.882/L96 _bL96 _2tercera |
||
| 100 |
_aLuder, Italo Argentino _945566 |
||
| 245 |
_aDichos de Luder / _cpresentado por Julio Ramón Ribeyro ; colofón y notas de Jorge Coaguila |
||
| 260 |
_aLima ; _bRevuelta editores, _c2018. |
||
| 300 |
_a91 páginas. : _c20 cm. |
||
| 650 |
_aMáximas argentinas _945567 |
||
| 650 |
_aSiglo XX _945568 |
||
| 700 |
_aRibeyro, Julio Ramón (presentador) _945569 |
||
| 700 |
_aCoaguila, Jorge _945570 |
||
| 942 |
_2ddc _cLIBROS |
||
| 945 | _aRoel | ||